000 01094nam a2200217Ia 4500
003 Ost
005 20260507075049.0
008 260507s9999||||xx |||||||||||||| ||und||
040 _cfsecg
041 _aara
082 _a658.72
100 _aعفيفي، صديق محمد
_eمؤلف
245 0 _aإدارة الاحتياجات :
_bمدخل تطبيقي في تصميم نظم الشراء والتخزين /
_c صديق محمد عفيفي
250 _aطبعة 15
260 _aالاسكندرية:
_bالمكتب العربي الحديث,
_c2003
300 _a445 صفحة؛
_bإيضاحات ؛
_c24 سم
520 _aوظيفة إدارة الاحتياجات-تقدير الاحتياجات-توفير الاحتياجات-إستلام وإضافة وصرف المستلزمات بالمخازن-تنظيم ومراقبة المخزون-الأساليب الكمية في اتخاذ القرارات والرقابة على تكلفة المستلزمات السلعية
653 _aإدارة الإنتاج
653 _aإدارة المشتريات
942 _cكتاب
999 _c42624
_d42624